Tilastot visalle Tšekki-visa

Klikkaa tästä pelataksesi tätä visaa!

Yleistilastot

  • Tätä visaa on pelattu 54 kertaa
  • Keskiarvotulos 13 / 22

Vastaustilastot

VihjeVastaus% Oikein
PääkaupunkiPraha
100%
NaapurimaatSaksa
91%
NaapurimaatItävalta
89%
NaapurimaatPuola
89%
NaapurimaatSlovakia
89%
Valtio, jonka osana Tšekki oli vuoteen 1993 astiTšekkoslovakia
80%
Suurin autovalmistajaŠkoda Auto
69%
Valtio, joka miehitti maan vuonna 1968Neuvostoliitto
69%
Toiseksi väkirikkain kaupunkiBrno
60%
ValuuttaKoruna
56%
Suuri historiallinen alue maan länsiosassaBöömi
56%
Kirjailija, jonka teoksille on tyyppillistä synkkyys
ja ahdistus, kuten kirjassa "Muodonmuutos"
Franz Kafka
51%
Joki, jonka varrella se sijaitseeVltava
49%
Tšekkiläinen kestävyysjuoksija, joka voitti
kolme kultaa vuoden 1952 olympialaisissa
Emil Zátopek
49%
Suuri historiallinen alue maan itäosassaMääri
47%
Vuoden 1989 veretön vallankumous{Sametti}-
vallankumous
44%
Kaupunki, joka tunnetaan paikallisesta oluestaan,
neljänneksi suurin kaupunki
Plzeň
38%
Kirjailija, joka toimi presidenttinä vuosina 1993−2003Václav Havel
38%
Tšekkiläinen henkilö, joka pyrki
uudistamaan katolista kirkkoa 1300-luvulla
Jan Hus
38%
Joki, jonka sivujoki yllä oleva onElbe
36%
Kolmanneksi suurin kaupunki,
metalliteollisuuden keskus
Ostrava
36%
Pääministeri vuodesta 2017 lähtien,
maan toiseksi rikkain henkilö
Andrej Babiš
24%

Tulosjakauma

Persentiili vastausten määrän mukaan

Jokaisen tuloksen saaneiden osuus

Tuloshistoriasi

Et ole pelannut tätä visaa